Desarrollo social en los ochenta /UNICEF
Сохранить в:
| Корпоративные авторы: | , |
|---|---|
| Формат: | Текст |
| Опубликовано: |
Santiago:
ILPES
|
| Метки: |
Добавить метку
Нет меток, Требуется 1-ая метка записи!
|
MARC
| LEADER | 00000 a a2200000 04500 | ||
|---|---|---|---|
| 001 | 25286 | ||
| 003 | |||
| 040 | |||
| 090 | |a 180900 | ||
| 110 | |a UNICEF | ||
| 245 | |a Desarrollo social en los ochenta /UNICEF | ||
| 260 | |a Santiago: |b ILPES | ||
| 300 | |a 410 p | ||
| 710 | |a ILPES |a CEPAL | ||
| 999 | |c 15055 |d 15055 | ||
